[Event "Amagermesterskabet Gruppe 3 2016"]
[Site "Sundbyoster"]
[Date "2016.08.16"]
[Round "1"]
[White "Tolba, Henri"]
[Black "Larsen, Soren Friis"]
[Result "1/2-1/2"]
[WhiteElo "1619"]
[BlackElo "1698"]
[PlyCount "101"]
[EventDate "2016.??.??"]

1. c4 g6 2. d4 Nf6 3. Nc3 d5 4. Nf3 Bg7 5. cxd5 Nxd5 6. e3 O-O 7. Qb3 Nb6 8.
Be2 Be6 9. Qd1 c5 10. dxc5 Qxd1+ 11. Nxd1 Na4 12. Bd2 Nc6 13. O-O Rfd8 14. Bb5
Nxb2 15. Nxb2 Bxb2 16. Rab1 Ba3 17. Bxc6 bxc6 18. Bb4 Bxb4 19. Rxb4 Bxa2 20.
Ra1 f6 21. h4 Bd5 22. Rb7 Kf7 23. Rbxa7 Rxa7 24. Rxa7 Bxf3 25. gxf3 Rd1+ 26.
Kg2 Rc1 27. Ra5 Ke6 28. e4 h5 29. f4 f5 30. e5 Kd5 31. Ra7 Rxc5 32. Rxe7 Ke4
33. Rd7 Kxf4 34. e6 Ke4 35. f3+ Ke3 36. e7 Re5 37. Rc7 Kf4 38. Rxc6 Rxe7 39.
Rc4+ Ke5 40. Ra4 Rd7 41. Kg3 Rd6 42. Rb4 Kf6 43. Ra4 g5 44. hxg5+ Kxg5 45. f4+
Kg6 46. Ra8 Rd3+ 47. Kh4 Rd1 48. Ra6+ Kg7 49. Ra7+ Kf6 50. Ra6+ Kg7 51. Ra7+
1/2-1/2

[Event "Amagermesterskabet Gruppe 3 2016"]
[Site "Sundbyoster"]
[Date "2016.08.30"]
[Round "2"]
[White "Haagen Larsen, Hans"]
[Black "Tolba, Henri"]
[Result "1-0"]
[WhiteElo "1691"]
[BlackElo "1619"]
[PlyCount "91"]
[EventDate "2016.??.??"]

1. e4 c5 2. d4 cxd4 3. c3 dxc3 4. Nxc3 e6 5. Bc4 a6 6. Bf4 d6 7. Nf3 Nc6 8. O-O
b5 9. Bb3 Be7 10. Qe2 b4 11. Na4 e5 12. Be3 Nf6 13. Bb6 Qd7 14. Rfd1 Qg4 15.
Bd5 Nxd5 16. exd5 Nb8 17. h3 Qh5 18. Rac1 O-O 19. Rc7 Bd7 20. b3 Bb5 21. Qc2
Nd7 22. Ba5 Bd8 23. Bxb4 Bxc7 24. Qxc7 e4 25. g4 Qxh3 26. Nh2 Qh6 27. Nb6 Nxb6
28. Qxb6 Rab8 29. Qxd6 Qh3 30. Qf4 Rfe8 31. Re1 Qd3 32. d6 Bd7 33. Ba5 Rbc8 34.
Bc7 h6 35. Re3 Qd1+ 36. Kg2 Qd5 37. Nf1 Qe6 38. Rg3 g5 39. Qd2 Bc6 40. Ne3 Qd7
41. Qc3 f5 42. gxf5 Rxc7 43. dxc7 Rc8 44. Rh3 Rxc7 45. Rxh6 Qg7 46. Rg6 1-0

[Event "Amagermesterskabet Gruppe 3 2016"]
[Site "Sundbyoster"]
[Date "2016.08.30"]
[Round "2"]
[White "Larsen, Soren Friis"]
[Black "Nielsen, Jorgen Kamp"]
[Result "1-0"]
[WhiteElo "1698"]
[BlackElo "1680"]
[PlyCount "46"]
[EventDate "2016.??.??"]

1. d4 Nf6 2. e3 c5 3. c3 e6 4. f4 b6 5. Bd3 Bb7 6. Nf3 Be4 7. O-O d5 8. Bb5+
Nbd7 9. Ne5 a6 10. Bc6 Rc8 11. Qa4 Bxb1 12. Rxb1 Bd6 13. Bb7 Bxe5 14. Bxc8 Qxc8
15. fxe5 Ne4 16. Qc2 f6 17. exf6 Ndxf6 18. Qe2 h5 19. Bd2 Qb8 20. Be1 Ng4 21.
g3 Ngf6 22. dxc5 Nxc5 23. c4 g5 1-0

[Event "Amagermesterskabet Gruppe 3 2016"]
[Site "Sundbyoster"]
[Date "2016.09.06"]
[Round "3"]
[White "Krog, Jacob"]
[Black "Pedersen, Kim Michael"]
[Result "1-0"]
[WhiteElo "1685"]
[BlackElo "1643"]
[PlyCount "61"]
[EventDate "2016.??.??"]

1. d4 d5 2. Nf3 Nf6 3. c4 dxc4 4. Nc3 c6 5. a4 Bf5 6. Ne5 e6 7. Nxc4 Bb4 8. f3
O-O 9. h4 h6 10. g4 Bxg4 11. fxg4 Nxg4 12. e4 h5 13. Be2 f5 14. Bg5 Qc7 15. e5
Nd7 16. Bxg4 hxg4 17. Bf4 Nb6 18. Nxb6 axb6 19. Qb3 Bxc3+ 20. bxc3 Kf7 21. Kf2
Ra5 22. h5 b5 23. h6 Qd7 24. hxg7 Rg8 25. Rh6 Rxg7 26. Rf6+ Kg8 27. Rxe6 Rf7
28. Rh6 bxa4 29. e6 Qe7 30. Be5 b5 31. Rh8# 1-0

[Event "Amagermesterskabet Gruppe 3 2016"]
[Site "Sundbyoster"]
[Date "2016.09.06"]
[Round "3"]
[White "Nielsen, Jorgen Kamp"]
[Black "Haagen Larsen, Hans"]
[Result "1-0"]
[WhiteElo "1680"]
[BlackElo "1691"]
[PlyCount "35"]
[EventDate "2016.??.??"]

1. d4 d6 2. e4 g6 3. Bc4 Bg7 4. c3 Nc6 5. f4 e5 6. Nf3 Bd7 7. O-O exd4 8. cxd4
Nf6 9. e5 Nh5 10. Ng5 O-O 11. g4 Bxg4 12. Qxg4 Nxd4 13. Nc3 c5 14. f5 Bxe5 15.
fxg6 hxg6 16. Nxf7 Qe7 17. Qxg6+ Bg7 18. Ng5+ 1-0

[Event "Amagermesterskabet Gruppe 3 2016"]
[Site "Sundbyoster"]
[Date "2016.09.06"]
[Round "3"]
[White "Tolba, Henri"]
[Black "Petersen, Christian Skibsted"]
[Result "1-0"]
[WhiteElo "1619"]
[BlackElo "1616"]
[PlyCount "79"]
[EventDate "2016.??.??"]

1. e4 e6 2. d4 d5 3. Nc3 Nf6 4. exd5 Nxd5 5. Nxd5 exd5 6. Bd3 Bd6 7. Qe2+ Be6
8. Nf3 c6 9. Bg5 Qa5+ 10. c3 h6 11. Bd2 Nd7 12. O-O Qc7 13. Rfe1 O-O-O 14. Ne5
Rde8 15. f4 g5 16. f5 Nxe5 17. dxe5 Bc5+ 18. Be3 Bxe3+ 19. Qxe3 Bd7 20. Qxa7
Kd8 21. Qd4 h5 22. e6 fxe6 23. Qf6+ Kc8 24. fxe6 Bxe6 25. Rxe6 Ref8 26. Qd4 g4
27. Qe3 h4 28. Re7 Qd6 29. Qe5 Qxe5 30. Rxe5 g3 31. h3 Rf7 32. Re2 Rf4 33. Rf1
Rxf1+ 34. Kxf1 Rf8+ 35. Ke1 Kd7 36. c4 d4 37. Be4 b6 38. Bf3 c5 39. Kd2 Rf4 40.
Re4 1-0

[Event "Amagermesterskabet Gruppe 3 2016"]
[Site "Sundbyoster"]
[Date "2016.09.13"]
[Round "4"]
[White "Tolba, Henri"]
[Black "Nielsen, Jorgen Kamp"]
[Result "1/2-1/2"]
[WhiteElo "1619"]
[BlackElo "1680"]
[PlyCount "98"]
[EventDate "2016.??.??"]

1. Nf3 Nf6 2. d4 g6 3. c4 Bg7 4. Nc3 O-O 5. e4 d6 6. h3 e5 7. d5 a5 8. Bd3 Na6
9. Bg5 h6 10. Be3 Nc5 11. Bxc5 dxc5 12. Nxe5 Nxe4 13. Nxe4 Bxe5 14. Qc2 b6 15.
h4 a4 16. a3 Re8 17. O-O-O Bf5 18. Nc3 Bxd3 19. Rxd3 Bxc3 20. Rxc3 Qd7 21. Rg3
h5 22. Re3 Re7 23. Rhe1 Rae8 24. g3 Kh7 25. Qd2 Rxe3 26. fxe3 Qg4 27. Qf2 Qxc4+
28. Kb1 Qxd5 29. Ka1 Kg7 30. g4 hxg4 31. Qf4 Qd2 32. Rf1 Qd7 33. Qf6+ Kg8 34.
h5 Qe6 35. Qh4 gxh5 36. Qxh5 Qg6 37. Qh4 Rxe3 38. Qd8+ Kg7 39. Rh1 Rh3 40. Rf1
Rh2 41. Qxc7 Rh3 42. Qe5+ Kh7 43. Qd5 Rf3 44. Rh1+ Kg7 45. Qd1 Rh3 46. Rf1 g3
47. Qd5 g2 48. Rxf7+ Qxf7 49. Qxg2+ Kf8 1/2-1/2

[Event "Amagermesterskabet Gruppe 3 2016"]
[Site "Sundbyoster"]
[Date "2016.09.27"]
[Round "5"]
[White "Krog, Jacob"]
[Black "Haagen Larsen, Hans"]
[Result "1-0"]
[WhiteElo "1685"]
[BlackElo "1691"]
[PlyCount "61"]
[EventDate "2016.??.??"]

1. d4 d6 2. Nf3 g6 3. c4 Bg7 4. g3 Nc6 5. Bg2 e5 6. d5 Nce7 7. Nc3 f5 8. O-O
Nf6 9. c5 O-O 10. cxd6 cxd6 11. Qb3 Kh8 12. Rd1 h6 13. Be3 Nh5 14. Rac1 g5 15.
Nb5 b6 16. Nc7 Rb8 17. Bxg5 hxg5 18. Nxg5 Rf6 19. Qf3 Bh6 20. Qxh5 Qg8 21. Nce6
Bxe6 22. Nxe6 Qg6 23. Qxg6 Nxg6 24. Rc7 a5 25. Rd7 Bf8 26. Rc1 f4 27. Rcc7 Be7
28. Be4 fxg3 29. hxg3 Bf8 30. Rf7 Rxf7 31. Rxf7 1-0

[Event "Amagermesterskabet Gruppe 3 2016"]
[Site "Sundbyoster"]
[Date "2016.09.27"]
[Round "5"]
[White "Nielsen, Jens Holm"]
[Black "Tolba, Henri"]
[Result "1-0"]
[WhiteElo "1682"]
[BlackElo "1619"]
[PlyCount "111"]
[EventDate "2016.??.??"]

1. f4 d5 2. Nf3 c5 3. e3 g6 4. Be2 Bg7 5. O-O b6 6. c3 Nh6 7. d4 O-O 8. Qe1 Ba6
9. Nbd2 Bxe2 10. Qxe2 Nd7 11. b3 Nf5 12. Ba3 Rc8 13. Rac1 Re8 14. g4 Nd6 15.
Ne5 Nf6 16. Bb2 Nfe4 17. Nef3 Qd7 18. Qg2 Qe6 19. Rfe1 Nxd2 20. Nxd2 f5 21. g5
Ne4 22. Nxe4 Qxe4 23. Qxe4 fxe4 24. Kf2 cxd4 25. cxd4 Kf7 26. Ke2 Ke6 27. Kd2
Kd7 28. h4 e6 29. Ba3 Bf8 30. Rxc8 Rxc8 31. Bxf8 Rxf8 32. h5 gxh5 33. Rh1 h6
34. gxh6 Rh8 35. Rxh5 Rh7 36. f5 exf5 37. Rxf5 Ke6 38. Re5+ Kd6 39. Rh5 Ke6 40.
Ke2 a5 41. Rh1 Kf6 42. Rh5 Ke6 43. Kf2 Rf7+ 44. Kg2 Rh7 45. Kg3 b5 46. Kg4 a4
47. bxa4 bxa4 48. Re5+ Kd6 49. Kg5 Rh8 50. Kg6 Rg8+ 51. Kf7 Rg3 52. Re6+ Kd7
53. Rg6 Rxe3 54. Kg7 Rh3 55. h7 e3 56. h8=Q 1-0

[Event "Amagermesterskabet Gruppe 3 2016"]
[Site "Sundbyoster"]
[Date "2016.09.27"]
[Round "5"]
[White "Nielsen, Jorgen Kamp"]
[Black "Petersen, Christian Skibsted"]
[Result "0-1"]
[WhiteElo "1680"]
[BlackElo "1616"]
[PlyCount "46"]
[EventDate "2016.??.??"]

1. e4 Nc6 2. d4 d5 3. e5 Bf5 4. Nf3 e6 5. Bg5 f6 6. exf6 gxf6 7. Bf4 Bd6 8. Bg3
Nge7 9. Bd3 Qd7 10. Nbd2 Bxd3 11. cxd3 O-O-O 12. Bxd6 cxd6 13. Qa4 Kb8 14.
O-O-O Rhg8 15. g3 e5 16. Rhe1 Nf5 17. dxe5 dxe5 18. Kb1 h5 19. h4 Rg4 20. Qc2
Ncd4 21. Qc3 Rc8 22. Qa3 Nc2 23. Qa5 Ra4 0-1

[Event "Amagermesterskabet Gruppe 3 2016"]
[Site "Sundbyoster"]
[Date "2016.09.27"]
[Round "5"]
[White "Pedersen, Kim Michael"]
[Black "Larsen, Soren Friis"]
[Result "0-1"]
[WhiteElo "1643"]
[BlackElo "1698"]
[PlyCount "32"]
[EventDate "2016.??.??"]

1. d4 Nf6 2. Bf4 Nh5 3. e3 Nxf4 4. exf4 d5 5. Nf3 c5 6. dxc5 Nc6 7. a3 g6 8.
Bb5 Bg7 9. c3 O-O 10. O-O a6 11. Bxc6 bxc6 12. Nd4 Qc7 13. Re1 Re8 14. Qf3 e5
15. Qg3 Bd7 16. f3 exd4 0-1

[Event "Amagermesterskabet Gruppe 3 2016"]
[Site "Sundbyoster"]
[Date "2016.10.04"]
[Round "6"]
[White "Haagen Larsen, Hans"]
[Black "Pedersen, Kim Michael"]
[Result "1-0"]
[WhiteElo "1691"]
[BlackElo "1643"]
[PlyCount "93"]
[EventDate "2016.??.??"]

1. d4 d5 2. Bf4 Nf6 3. e3 g6 4. Nd2 Bg7 5. Be2 c5 6. c3 cxd4 7. exd4 Nc6 8.
Ngf3 O-O 9. Qb3 Re8 10. h3 a6 11. O-O b5 12. a4 Nh5 13. Bh2 b4 14. g4 bxc3 15.
bxc3 Nf6 16. Ne5 Ne4 17. Nxc6 Nxd2 18. Qb4 Qd7 19. Rfd1 Ne4 20. Ne5 Qe6 21. c4
Qf6 22. f3 Ng5 23. Kg2 dxc4 24. Nxc4 Ne6 25. Nb6 Ra7 26. Be5 Qh4 27. Rac1 Bb7
28. Bg3 Qg5 29. d5 a5 30. Qe4 Nd4 31. Rc7 Nxe2 32. Qxe2 Ba6 33. Qc2 Rxc7 34.
Qxc7 Qf6 35. Rd2 Qa1 36. Qd7 Qf1+ 37. Kh2 Kf8 38. d6 e6 39. Rf2 Qd1 40. Qc7 Bf6
41. Nd7+ Kg7 42. Nxf6 Kxf6 43. Qc3+ e5 44. f4 Ke6 45. fxe5 Bb7 46. Qc4+ Bd5 47.
Rf6+ 1-0

[Event "Amagermesterskabet Gruppe 3 2016"]
[Site "Sundbyoster"]
[Date "2016.10.25"]
[Round "7"]
[White "Krog, Jacob"]
[Black "Nielsen, Jorgen Kamp"]
[Result "1-0"]
[WhiteElo "1685"]
[BlackElo "1680"]
[PlyCount "48"]
[EventDate "2016.??.??"]

1. d4 Nf6 2. Nf3 g6 3. c4 Bg7 4. Nc3 O-O 5. Bg5 a5 6. e3 h6 7. Bh4 Na6 8. Be2
d6 9. a3 c5 10. d5 Qe8 11. Bg3 Bf5 12. Nd2 Bd7 13. O-O Rb8 14. e4 Nh7 15. f4
Bxc3 16. bxc3 b5 17. e5 bxc4 18. Nxc4 Bb5 19. Nxa5 c4 20. Bxc4 Nc5 21. Bxb5
Rxb5 22. Nc6 f6 23. exd6 exd6 24. Re1 Qc8 1-0

[Event "Amagermesterskabet Gruppe 3 2016"]
[Site "Sundbyoster"]
[Date "2016.10.25"]
[Round "7"]
[White "Pedersen, Kim Michael"]
[Black "Tolba, Henri"]
[Result "1-0"]
[WhiteElo "1643"]
[BlackElo "1619"]
[PlyCount "67"]
[EventDate "2016.??.??"]

1. d4 d5 2. Bf4 Bf5 3. Nf3 c6 4. e3 Nf6 5. c3 Nbd7 6. h3 e6 7. Nbd2 Be7 8. Be2
O-O 9. Nh4 Ne4 10. Nxf5 exf5 11. Nf3 Ndf6 12. Ne5 Ne8 13. Qb3 N8d6 14. Qc2 Re8
15. Bd3 g6 16. Qe2 Bf6 17. Bxe4 Nxe4 18. O-O-O Qa5 19. Kb1 Qb5 20. Qc2 Bg7 21.
g4 Bxe5 22. dxe5 fxg4 23. hxg4 Re6 24. f3 Nc5 25. Bg3 Kg7 26. f4 Ne4 27. Bh2
Rh8 28. Rd4 Qb6 29. f5 gxf5 30. gxf5 Rh6 31. Rg1+ Kf8 32. Bf4 Rh5 33. Rg4 Qd8
34. Qg2 1-0